Letters in Greek, Cyrillic, and Latin - Sudden Death - Statistics

General Stats
  • This quiz has been taken 58 times
  • The average score is 4 of 10
Answer Stats
Answer % Correct
A
97%
B
79%
E
33%
K/К
27%
O
27%
M
24%
P
21%
T
18%
Y/У/Υ
18%
H
15%
No matching quizzes found
Score Distribution
Percent of People with Each Score
Percentile by Number Answered
Your Score History
You have not taken this quiz